| 000 | 00866nam a2200253Ia 4500 | ||
|---|---|---|---|
| 003 | OSt | ||
| 005 | 20220923211047.0 | ||
| 006 | a|||||r|||| 00| 0 | ||
| 007 | ta | ||
| 008 | Pun | ||
| 020 |
_a8176471410 (hbk) _c150 |
||
| 024 | _a240,536 | ||
| 037 |
_b7501/4, 19/11/2009, Arsee Publishers _cTextual |
||
| 040 |
_aARTS _cARTS _bPun |
||
| 041 |
_2Pun _aPun |
||
| 082 | _aO153,2N65x, P4 | ||
| 100 |
_aਸਿੰਘ, ਪਾਲੀ ਭੁਪਿੰਦਰ _9157752 |
||
| 245 | 0 |
_aਪੰਜ ਹਾਸ _b ਵਿਅੰਗ ਇਕਾਂਗੀ |
|
| 260 |
_aਲੁਧਿਆਣਾ _b ਲਾਹੌਰ ਬੱੁਕ Fਾਪ _c2004 |
||
| 300 |
_a160ਪੰ _ccm. |
||
| 650 | _aਪੰਜਾਬੀ ਸਾਹਿਤ | ||
| 942 |
_hO153,2N65x, P4 _cTEXL _2CC |
||
| 999 |
_c294668 _d294668 |
||